000 00271nam a22001217a 4500
008 160521b xxu||||| |||| 00| 0 eng d
020 _a9781928623267
020 _a1928623263
041 _aeng
080 _a579
245 _aEntomology:
_cS.K. Gangwere;
942 _2udc
_cBK
999 _c2338
_d2338